| 000 | 00346nam a2200109Ia 4500 | ||
|---|---|---|---|
| 008 | 171205s9999 xx 000 0 und d | ||
| 020 | _a9781635493641 | ||
| 100 | _aPorter, Nathalie. | ||
| 245 |
_cNathalie Porter _aE-commerce: Principles, Technologies and Business Applications |
||
| 260 |
_bLarsen and Keller Education _c2017 |
||
| 300 | _a278 pages | ||
| 999 |
_c347444 _d347444 |
||